000 00431nam a2200181Ia 4500
005 20240823022623.0
008 240823s9999||||xx |||||||||||||| ||und||
041 _aENGLISH
082 _A547.05 L4
100 _aSwan J M Black D.St.C
245 0 _aOrganometallics in Organic Synthasis
250 _a1st
260 _b"Chapman and Hall,L"
500 _aYES
650 _aOrganic
_bChemistry
942 _cBK
999 _c179604
_d179604